000 01177cam a22002531i 4500
003 SA-RiAUC
005 20251109083832.0
008 251019s1983 le g 00000cara c
040 _aSA-JeALM
_bara
_cSA-RiAUC
_erda
082 0 4 _a239.8
_qSA-RiAUC
090 _a239.8
_bا ب ن ت
100 1 _aابن تيمية، أحمد بن عبد الحليم بن عبد السلام،
_d661-728 هجري
_eمؤلف.
245 1 2 _aالقول القيم مما يرويه ابن تيمية وابن القيم.
_bيحتوي على أقوال شيخي الإسلام في فضائل أهل البيت النبوي
264 1 _aبيروت :
_bدار مكتبة الحياة،
_c[بين 1900 و1999]
300 _a63 صفحة ؛
_c20 سم.
336 _aنص
_btxt
_2rdacontent
_3كتاب
337 _aبدون وسيط
_bn
_2rdamedia
650 7 _aأهل بيت الرسول
_2aucsh
650 7 _aالسيرة النبوية
_2aucsh
653 _aالديانات
700 _aابن القيم الجوزية، شمس الدين محمد ابي بكر بن ايوب الزرعي الدمشقي
_d691 - 751 هـ
942 _2ddc
_cBOOK
_n0
949 _aSA-JeALM
_d251019
_uosman123
_n1
999 _c13091
_d13091